Faculty of Law Library — Cairo University

Official Online Catalog

The conflict of laws / (Record no. 66571)

MARC details
000 -LEADER
fixed length control field 01698cam a2200373 i 4500
003 - CONTROL NUMBER IDENTIFIER
control field EG-GICUC
005 - DATE AND TIME OF LATEST TRANSACTION
control field 20260324082124.0
008 - FIXED-LENGTH DATA ELEMENTS--GENERAL INFORMATION
fixed length control field 111003s2011 enk frb 001 0 eng d
020 ## - INTERNATIONAL STANDARD BOOK NUMBER
International Standard Book Number 9780199574711
Qualifying information pbk. : alk. paper
020 ## - INTERNATIONAL STANDARD BOOK NUMBER
International Standard Book Number 0199574715
Qualifying information pbk. : alk. paper
040 ## - CATALOGING SOURCE
Original cataloging agency UKMGB
Transcribing agency UKMGB
Modifying agency UAB
-- BTCTA
-- UKWOH
-- YDXCP
-- CDX
-- BWK
-- WCL
-- DLC
-- EG-GICUC
Language of cataloging eng
Description conventions rda
043 ## - GEOGRAPHIC AREA CODE
Geographic area code e-uk-en
050 00 - LIBRARY OF CONGRESS CALL NUMBER
Classification number KD680
Item number .C53 2011
082 00 - DEWEY DECIMAL CLASSIFICATION NUMBER
Classification number 341.84
Edition number 21
092 04 - LOCALLY ASSIGNED DEWEY CALL NUMBER (OCLC)
Edition number 21
099 ## - LOCAL FREE-TEXT CALL NUMBER (OCLC)
Classification number Law 12 2011
100 1# - MAIN ENTRY--PERSONAL NAME
Personal name Clarkson, C. M. V.
Fuller form of name (Christopher M. V.)
245 14 - TITLE STATEMENT
Title The conflict of laws /
Statement of responsibility, etc. C.M.V. Clarkson, Jonathan Hill.
250 ## - EDITION STATEMENT
Edition statement 4th edition.
264 ## - PRODUCTION, PUBLICATION, DISTRIBUTION, MANUFACTURE, AND COPYRIGHT NOTICE
Place of production, publication, distribution, manufacture Oxford ;
-- New York :
Name of producer, publisher, distributor, manufacturer Oxford University Press,
Date of production, publication, distribution, manufacture, or copyright notice 2011.
300 ## - PHYSICAL DESCRIPTION
Extent xliv, 538 pages ;
Dimensions 25 cm.
336 ## - CONTENT TYPE
Content type term text
Source rdacontent
337 ## - MEDIA TYPE
Media type term Computer
Source rdamedia
338 ## - CARRIER TYPE
Carrier type term Online Resource
Source rdacarrier
500 ## - GENERAL NOTE
General note Previous ed.: 2006.
504 ## - BIBLIOGRAPHY, ETC. NOTE
Bibliography, etc. note Includes bibliographical references and index.
505 00 - FORMATTED CONTENTS NOTE
Formatted contents note Introduction -- Civil jurisdiction -- Foreign judgments -- Contractual obligations -- Non-contractual obligations -- Domicile, nationality and habitual residence -- Marriage -- Matrimonial causes -- Property.
520 8# - SUMMARY, ETC.
Summary, etc. This fourth edition covers traditional and new topics taught on international law courses, reflecting the profound changes that the subject has undergone in recent decades. Focusing on key principles in an engaging and approachable style, this text is essential for international law students.
650 #0 - SUBJECT ADDED ENTRY--TOPICAL TERM
Topical term or geographic name entry element Conflict of laws
Geographic subdivision England.
700 1# - ADDED ENTRY--PERSONAL NAME
Personal name Hill, Jonathan,
Dates associated with a name 1961-
856 40 - ELECTRONIC LOCATION AND ACCESS
Uniform Resource Identifier <a href="https://fll.law.cu.edu.eg/fulltext/bks/ENGB12-00100.pdf">https://fll.law.cu.edu.eg/fulltext/bks/ENGB12-00100.pdf</a>
905 ## - Cataloger and Reviser Names
Cataloger Name: Hend El khosy
942 ## - ADDED ENTRY ELEMENTS (KOHA)
Source of classification or shelving scheme Dewey Decimal Classification
Koha item type Books
Edition 21
Suppress in OPAC No
Holdings
Withdrawn status Lost status Source of classification or shelving scheme Damaged status Not for loan Collection Home library Current library Date acquired Total checkouts Full call number Barcode Date last seen Copy number Price effective from Koha item type Public note
    Dewey Decimal Classification     القانون الدولي الخاص جــــامعة القــاهرة مكتبة كلية الحقوق - فـرع الشيخ زايد 24.03.2026   Law2 12 341.84 CL . C 4 ed - 2011 1200100 ENGB12-00100 24.03.2026 1 24.03.2026 Books 1272

© All rights reserved — Faculty of Law, Cairo University